000 00587nam a2200193Ia 4500
008 220216s9999 xx 000 0 und d
100 _aPujade-Renaud Valerie
245 0 _aEthylene-induced increase in Glutamine Synthetase Activity and mRNA levels in Hevea brasiliensis latex cells
260 _bPlant Physiology
_c1994
300 _a127-132
650 _aHevea brasiliensis
700 _aChrestin Herve
700 _aClement Anne
700 _aGuern Jean
700 _aJacob Jean-Louis
700 _aPerrot-Rechenmann Catherine
700 _aPrevot Jean-Claude
942 _cJS
999 _c58871
_d58871